All About Popes - Statistics

General Stats
  • This quiz has been taken 23 times
    9 since last reset
  • The average score is 5 of 16
Answer Stats
Hint Answer % Correct
First pope after Peter Linus
83%
Chose the name of a saint from Assisi Francis
50%
Fought against communism, especially in his homeland John Paul II
50%
Convinced Attila the Hun not to invade Rome Leo I
50%
Restored pre-Vatican II Latin Mass Benedict XVI
33%
Called the Second Vatican Council John XXIII
33%
Condemned socialism, writing 85 encyclicals Leo XIII
33%
Pope during "second industrial revolution" Leo XIV
33%
Directed the Church to defend Jews from Nazi regime Pius XII
33%
Called the First Crusade Urban II
33%
Kept order as the Roman Empire collapsed Gregory I
17%
Called the Third and Fourth Crusades Innocent III
17%
Wrote Humanae Vitae, condemning contraception Paul VI
17%
Last pope to rule the Papal States Pius IX
17%
Clashed with and excommunicated Napoleon Bonaparte Pius VII
17%
Built the Sistine Chapel Sixtus IV
17%
No matching quizzes found
Score Distribution
Percent of People with Each Score
Percentile by Number Answered
Your Score History
You have not taken this quiz since the last reset